[Event "Wch Juvenil 2010 sub12 Femenino"]
[Site "Porto Carras GRE"]
[Date "2010.10.21"]
[Round "2.12"]
[White "Dadello, Aleksandra"]
[Black "Rodionova, Daria"]
[Result "0-1"]
[WhiteElo "1722"]
[BlackElo "1856"]
[PlyCount "124"]
[EventDate "2010.10.20"]
[EventType "swiss"]
[EventRounds "11"]
[EventCountry "GRE"]
[Source "lmi"]
[SourceDate "2010.10.20"]

1. e4 c5 2. Nf3 Nc6 3. d4 cxd4 4. Nxd4 g6 5. Nc3 Bg7 6. Be3 Nf6 7. Bc4 Na5 8.
Bb3 Nxb3 9. axb3 d6 10. f3 h5 11. Qd2 Bd7 12. Qf2 a6 13. O-O O-O 14. h3 Rc8 15.
Rad1 b5 16. Qd2 Qc7 17. Nd5 Nxd5 18. exd5 Kh7 19. c3 Qb7 20. Ne2 a5 21. Nf4 b4
22. c4 a4 23. Ra1 Rc7 24. Qc2 a3 25. Bc1 Qb6+ 26. Kh1 Ra7 27. Re1 Rfa8 28. Be3
Bd4 29. Bxd4 Qxd4 30. Nd3 Bf5 31. Red1 Bxd3 32. Rxd3 Qxb2 33. Qd1 Qe5 34. Ra2
Qg3 35. Qe2 Re8 36. Kg1 e6 37. Qf2 Qxf2+ 38. Kxf2 Ra5 39. dxe6 Rxe6 40. Re3 Kg7
41. h4 Kf6 42. g4 hxg4 43. fxg4 Rxe3 44. Kxe3 Ke5 45. h5 gxh5 46. gxh5 Kf6 47.
h6 Kg6 48. Rd2 Ra6 49. Rh2 Kh7 50. Ra2 Kxh6 51. Kf4 Ra5 52. Ke4 f5+ 53. Kf4 Kg6
54. Rg2+ Kf7 55. Ra2 Kf6 56. Kf3 Ke5 57. Ke3 f4+ 58. Kd3 Kf5 59. Rh2 Kg4 60.
Ra2 Kg3 61. Ke2 f3+ 62. Kf1 Rh5 0-1

[Event "Wch Juvenil 2010 sub12 Femenino"]
[Site "Porto Carras GRE"]
[Date "2010.10.21"]
[Round "2.14"]
[White "Monnisha, Gk"]
[Black "Castellet Menchon, Cora"]
[Result "1/2-1/2"]
[WhiteElo "1843"]
[BlackElo "1703"]
[PlyCount "85"]
[EventDate "2010.10.20"]
[EventType "swiss"]
[EventRounds "11"]
[EventCountry "GRE"]
[Source "lmi"]
[SourceDate "2010.10.20"]

1. e4 c5 2. Nf3 Nc6 3. d4 cxd4 4. Nxd4 g6 5. c4 Bg7 6. Be3 Nf6 7. Nc3 Ng4 8.
Qxg4 Nxd4 9. Qd1 Ne6 10. Qd2 h6 11. Be2 Qa5 12. Rc1 b6 13. O-O Bb7 14. Rfd1 d6
15. f3 f5 16. exf5 Qxf5 17. Bd3 Qf6 18. Qc2 g5 19. Be4 Bxe4 20. Qxe4 Rb8 21.
Nd5 Qf7 22. b4 Rf8 23. Nxb6 Qf5 24. Qc6+ Kf7 25. Nd7 Rfc8 26. Qa6 Ra8 27. Rd5
Qg6 28. Qa5 Rd8 29. Qa4 Nc7 30. Ra5 Qe6 31. Bf2 Qxd7 32. Qxd7 Rxd7 33. b5 Rdd8
34. Rd1 Rdc8 35. Bxa7 Ne6 36. b6 Rxc4 37. b7 Rxa7 38. b8=Q Rxa5 39. Qb3 Rac5
40. a4 Bc3 41. Kf1 Ba5 42. Qb1 Kg7 43. Qb2+ 1/2-1/2

[Event "Wch Juvenil 2010 sub12 Femenino"]
[Site "Porto Carras GRE"]
[Date "2010.10.22"]
[Round "3.1"]
[White "Mahalakshmi, M."]
[Black "Goryachkina, Aleksandra"]
[Result "1-0"]
[WhiteElo "1815"]
[BlackElo "2057"]
[PlyCount "57"]
[EventDate "2010.10.20"]
[EventType "swiss"]
[EventRounds "11"]
[EventCountry "GRE"]
[Source "lmi"]
[SourceDate "2010.10.20"]

1. d4 f5 2. c4 Nf6 3. Nc3 g6 4. g3 Bg7 5. Bg2 O-O 6. Nf3 d6 7. O-O Nc6 8. d5
Na5 9. Qa4 c5 10. dxc6 Nxc6 11. Rd1 Kh8 12. c5 d5 13. Bf4 Be6 14. Ne5 Qc8 15.
Rac1 Ne4 16. Bxe4 fxe4 17. Nxc6 bxc6 18. b4 Bh3 19. Be3 e5 20. Nxd5 cxd5 21.
Rxd5 Rd8 22. Rxd8+ Qxd8 23. b5 Qd7 24. c6 Qg4 25. b6 Qxe2 26. b7 Rf8 27. Qxe4
Rd8 28. Qd5 Rf8 29. c7 1-0

[Event "Wch Juvenil 2010 sub12 Femenino"]
[Site "Porto Carras GRE"]
[Date "2010.10.22"]
[Round "3.2"]
[White "Khomeriki, Nino"]
[Black "Osmak, Iulija"]
[Result "0-1"]
[WhiteElo "1812"]
[BlackElo "1979"]
[PlyCount "116"]
[EventDate "2010.10.20"]
[EventType "swiss"]
[EventRounds "11"]
[EventCountry "GRE"]
[Source "lmi"]
[SourceDate "2010.10.20"]

1. d4 Nc6 2. Nf3 d5 3. e3 Bg4 4. c4 e6 5. Nc3 Nf6 6. Bd3 Be7 7. h3 Bxf3 8. Qxf3
Nb4 9. Qe2 O-O 10. Bb1 c5 11. dxc5 Bxc5 12. a3 Nc6 13. b4 Be7 14. O-O dxc4 15.
Qxc4 Ne5 16. Qb3 Rc8 17. Ra2 a5 18. b5 Nfd7 19. Ne4 Qb6 20. Bb2 Nc4 21. Qd3
Nxb2 22. Rxb2 Rfd8 23. Qb3 f5 24. Nd2 Nc5 25. Nc4 Qc7 26. Qa2 Bf6 27. Rc2 a4
28. b6 Qc6 29. Rfc1 Kf8 30. Nb2 Qb5 31. Qc4 Qxc4 32. Nxc4 Nb3 33. Re1 Rc6 34.
e4 Nd4 35. Rd2 Rxc4 36. Red1 Rdc8 37. f4 Nb3 38. Rd7 Rd4 39. Kh2 Rxd1 40. Rxd1
Rc1 41. Rxc1 Nxc1 42. exf5 e5 43. Be4 exf4 44. Bxb7 Nd3 45. Bc6 Nc5 46. g3 Ke7
47. gxf4 Kd6 48. Be8 Bb2 49. Kg3 Bxa3 50. Kg4 Bb2 51. h4 a3 52. Bf7 Kc6 53. h5
h6 54. f6 Bxf6 55. Kf5 Kxb6 56. Bd5 Kb5 57. Kg6 Kb4 58. Ba2 Kc3 0-1

[Event "Wch Juvenil 2010 sub12 Femenino"]
[Site "Porto Carras GRE"]
[Date "2010.10.22"]
[Round "3.3"]
[White "Vu, Thi Dieu Ai"]
[Black "Sagadijeva, Anna"]
[Result "1-0"]
[WhiteElo "1801"]
[BlackElo "1949"]
[PlyCount "71"]
[EventDate "2010.10.20"]
[EventType "swiss"]
[EventRounds "11"]
[EventCountry "GRE"]
[Source "lmi"]
[SourceDate "2010.10.20"]

1. e4 d5 2. exd5 Qxd5 3. Nc3 Qa5 4. d4 Nf6 5. Bc4 c6 6. Nf3 Bg4 7. Bd2 e6 8.
Bb3 Nbd7 9. Qe2 Qc7 10. O-O-O O-O-O 11. h3 Bh5 12. Rhe1 Bd6 13. Kb1 Rhe8 14. g4
Bg6 15. Ne5 Nd5 16. Nxg6 Nxc3+ 17. Bxc3 hxg6 18. Qf3 Nf6 19. Re2 Nd5 20. Bd2
Nf4 21. Re4 e5 22. dxe5 Bxe5 23. Bxf4 Bxf4 24. Rxd8+ Rxd8 25. Rxf4 f6 26. a3 a5
27. Re4 b5 28. Qe2 a4 29. Be6+ Kb8 30. c4 Qh2 31. cxb5 Qh1+ 32. Kc2 Rd1 33.
bxc6 Rc1+ 34. Kd2 Rd1+ 35. Qxd1 Qxe4 36. c7+ 1-0

[Event "Wch Juvenil 2010 sub12 Femenino"]
[Site "Porto Carras GRE"]
[Date "2010.10.22"]
[Round "3.5"]
[White "Peng, Jackie"]
[Black "Ivana, Maria Furtado"]
[Result "1/2-1/2"]
[WhiteElo "1793"]
[BlackElo "1924"]
[PlyCount "207"]
[EventDate "2010.10.20"]
[EventType "swiss"]
[EventRounds "11"]
[EventCountry "GRE"]
[Source "lmi"]
[SourceDate "2010.10.20"]

1. e4 c6 2. d4 d5 3. Nc3 dxe4 4. Nxe4 Bf5 5. Ng3 Bg6 6. Nf3 Nd7 7. h4 h6 8. h5
Bh7 9. Bd3 Bxd3 10. Qxd3 e6 11. Be3 Qa5+ 12. Qd2 Bb4 13. c3 Be7 14. O-O Ngf6
15. b4 Qd5 16. Rac1 b5 17. Rfd1 Nxh5 18. Nxh5 Qxh5 19. Ne5 Nxe5 20. dxe5 Rd8
21. Qc2 O-O 22. Bd4 Rd5 23. Bxa7 Qxe5 24. Rxd5 cxd5 25. Bd4 Qf4 26. Be3 Qc4 27.
a4 Rc8 28. axb5 Qxb5 29. Qb2 e5 30. Bd2 Bf6 31. Qb3 e4 32. Rc2 Qc4 33. Qxc4
Rxc4 34. Rc1 Kf8 35. Kf1 Ke8 36. Ke2 Kd7 37. Kd1 d4 38. cxd4 Rxc1+ 39. Bxc1
Bxd4 40. Ke2 Kc6 41. g4 Bc3 42. Bd2 Bd4 43. Be3 Be5 44. Bd2 Kd5 45. Ke3 g6 46.
Ke2 h5 47. gxh5 gxh5 48. f3 f5 49. fxe4+ fxe4 50. Bg5 Bg3 51. Kf1 Bd6 52. b5
Bc7 53. Ke2 Bg3 54. b6 h4 55. Kf1 h3 56. Be3 Bh2 57. Kf2 Ke6 58. Kf1 Kf5 59.
Kf2 Kg4 60. Bd4 Bg3+ 61. Kg1 Kf3 62. Kh1 h2 63. Bc5 Be5 64. b7 Bb8 65. Bb6 Kg4
66. Be3 Kf5 67. Kg2 Ke6 68. Bf2 Kd7 69. Be3 Kc6 70. Bf2 Kxb7 71. Be3 Kc6 72.
Kh1 Kd5 73. Kg2 Kc4 74. Kh1 Kd3 75. Bg5 Kc4 76. Be3 Kd5 77. Kg2 Ke6 78. Kh1 Kf5
79. Kg2 Kg4 80. Kh1 Kf3 81. Bc5 Bf4 82. Bb6 Bd6 83. Bd4 Bg3 84. Be5 Bf4 85. Bd4
Be3 86. Bf6 Bf4 87. Bd4 Ke2 88. Kg2 Bd6 89. Bf2 Be5 90. Bc5 Kd3 91. Bf2 Bd4 92.
Bh4 e3 93. Kxh2 e2 94. Kg2 Kd2 95. Kf3 Kd1 96. Bg3 Kd2 97. Ke4 Bb6 98. Bh4 Bc7
99. Bf2 Bd8 100. Bg3 Bb6 101. Bh4 Kc2 102. Bg3 Kc3 103. Bh4 Kc4 104. Bg3
1/2-1/2

[Event "Wch Juvenil 2010 sub12 Femenino"]
[Site "Porto Carras GRE"]
[Date "2010.10.22"]
[Round "3.6"]
[White "Rosales, Pierina"]
[Black "Sunyasakta, Satpathy"]
[Result "1/2-1/2"]
[WhiteElo "1785"]
[BlackElo "1899"]
[PlyCount "115"]
[EventDate "2010.10.20"]
[EventType "swiss"]
[EventRounds "11"]
[EventCountry "GRE"]
[Source "lmi"]
[SourceDate "2010.10.20"]

1. d4 d5 2. c4 e6 3. Nc3 c6 4. Nf3 Nf6 5. Bg5 Nbd7 6. e3 Qa5 7. Nd2 Bb4 8. Qc2
O-O 9. Bxf6 Nxf6 10. Bd3 c5 11. Nb3 Qc7 12. dxc5 dxc4 13. Bxc4 Bxc5 14. Nxc5
Qxc5 15. Bd3 Qg5 16. O-O e5 17. Ne4 Nxe4 18. Bxe4 f5 19. Bd5+ Kh8 20. Qc5 Qf6
21. Rad1 f4 22. exf4 exf4 23. Qd4 Qxd4 24. Rxd4 Rb8 25. Rc1 Rd8 26. Rcd1 g5 27.
Be4 Rxd4 28. Rxd4 Be6 29. a3 Kg7 30. Rd6 Re8 31. f3 Re7 32. Kf2 Kf6 33. Rd8 Kg7
34. Rd4 b6 35. Ke2 h5 36. Kd2 Kf6 37. Rd8 Rd7+ 38. Rxd7 Bxd7 39. Bd3 g4 40. Kc3
Bc6 41. Be2 Kg5 42. Kd4 Kf5 43. b3 a6 44. b4 Kf6 45. a4 Bb7 46. a5 h4 47. axb6
h3 48. gxh3 g3 49. hxg3 fxg3 50. Bf1 Bxf3 51. Kc5 Ke6 52. h4 g2 53. Bxg2 Bxg2
54. h5 Be4 55. h6 Kd7 56. b7 Kc7 57. b5 axb5 58. Kxb5 1/2-1/2

[Event "Wch Juvenil 2010 sub12 Femenino"]
[Site "Porto Carras GRE"]
[Date "2010.10.22"]
[Round "3.7"]
[White "Li, Zhuoling"]
[Black "Menzi, Nezihe Ezgi"]
[Result "1-0"]
[WhiteElo "1863"]
[BlackElo "1818"]
[PlyCount "107"]
[EventDate "2010.10.20"]
[EventType "swiss"]
[EventRounds "11"]
[EventCountry "GRE"]
[Source "lmi"]
[SourceDate "2010.10.20"]

1. e4 c5 2. Nf3 d6 3. d4 cxd4 4. Nxd4 Nf6 5. Nc3 g6 6. Be3 Bg7 7. f3 Nc6 8. Qd2
O-O 9. O-O-O d5 10. exd5 Nxd5 11. Nxc6 bxc6 12. Bd4 Bxd4 13. Qxd4 Qb6 14. Nxd5
cxd5 15. Qxb6 axb6 16. a3 Be6 17. Rd4 Rfc8 18. Bd3 Rc6 19. Rd1 Rac8 20. c3 f6
21. Bc2 Rd8 22. Bb3 Rcd6 23. Re1 Kf8 24. h4 Bf7 25. f4 Re6 26. Rxe6 Bxe6 27.
Kd2 Bf7 28. Ke3 Rd6 29. a4 e5 30. Rb4 Ke7 31. Bc2 Rc6 32. Bd3 Ke6 33. Rb5 Be8
34. a5 d4+ 35. cxd4 exd4+ 36. Kf3 bxa5 37. Rxa5 Rb6 38. Bc4+ Ke7 39. Ra7+ Bd7
40. b3 f5 41. Ke2 Kd6 42. Kd3 Bc6 43. Kxd4 Bxg2 44. Rxh7 Be4 45. Rg7 Rb8 46.
Rxg6+ Kc7 47. Kc5 Rc8 48. Rg8 Rxg8 49. Bxg8 Bf3 50. b4 Bg4 51. b5 Bf3 52. b6+
Kb8 53. Bf7 Bg4 54. h5 1-0

[Event "Wch Juvenil 2010 sub12 Femenino"]
[Site "Porto Carras GRE"]
[Date "2010.10.22"]
[Round "3.8"]
[White "Rodionova, Daria"]
[Black "Derakhshani, Dorsa"]
[Result "1-0"]
[WhiteElo "1856"]
[BlackElo "1799"]
[PlyCount "63"]
[EventDate "2010.10.20"]
[EventType "swiss"]
[EventRounds "11"]
[EventCountry "GRE"]
[Source "lmi"]
[SourceDate "2010.10.20"]

1. e4 e5 2. Nf3 Nc6 3. d4 exd4 4. Nxd4 Bc5 5. Nxc6 Qf6 6. Qf3 Qxf3 7. gxf3 bxc6
8. Be3 Bb6 9. Rg1 g6 10. c4 d6 11. c5 Ba5+ 12. Nd2 Ne7 13. a3 Bxd2+ 14. Bxd2
O-O 15. Bf4 d5 16. Bxc7 f5 17. Bd6 Re8 18. e5 f4 19. Bd3 Bf5 20. O-O-O Be6 21.
h4 Kf7 22. h5 Nf5 23. Rg5 Rg8 24. Rh1 h6 25. hxg6+ Rxg6 26. Rxf5+ Bxf5 27. Bxf5
Rg2 28. Bd7 Rxf2 29. e6+ Kg7 30. Bxc6 Rc8 31. Bd7 Ra8 32. Re1 1-0

[Event "Wch Juvenil 2010 sub12 Femenino"]
[Site "Porto Carras GRE"]
[Date "2010.10.22"]
[Round "3.9"]
[White "Malatsilava, Volha"]
[Black "Bulmaga, Elena"]
[Result "1-0"]
[WhiteElo "1842"]
[BlackElo "1784"]
[PlyCount "47"]
[EventDate "2010.10.20"]
[EventType "swiss"]
[EventRounds "11"]
[EventCountry "GRE"]
[Source "lmi"]
[SourceDate "2010.10.20"]

1. e4 e5 2. d4 exd4 3. Nf3 Nc6 4. Bc4 Bb4+ 5. c3 Bc5 6. cxd4 Bb4+ 7. Nc3 Nf6 8.
Bg5 h6 9. Bxf6 Qxf6 10. O-O Bxc3 11. bxc3 O-O 12. e5 Qe7 13. Re1 Na5 14. Bd3
Qa3 15. c4 Qe7 16. Bc2 Qe6 17. Qd3 g6 18. d5 Qa6 19. Re4 c6 20. d6 b5 21. Rg4
f5 22. exf6 Kf7 23. Qxg6+ Ke6 24. f7# 1-0

[Event "Wch Juvenil 2010 sub12 Femenino"]
[Site "Porto Carras GRE"]
[Date "2010.10.22"]
[Round "3.10"]
[White "Wozniak, Mariola"]
[Black "Liao, Rui"]
[Result "0-1"]
[WhiteElo "1723"]
[BlackElo "1830"]
[PlyCount "64"]
[EventDate "2010.10.20"]
[EventType "swiss"]
[EventRounds "11"]
[EventCountry "GRE"]
[Source "lmi"]
[SourceDate "2010.10.20"]

1. e4 c6 2. d4 d5 3. Nc3 dxe4 4. Nxe4 Bf5 5. Ng3 Bg6 6. h4 h6 7. Nf3 Nd7 8. h5
Bh7 9. Bd3 Bxd3 10. Qxd3 e6 11. Bd2 Ngf6 12. O-O-O Be7 13. Ne4 Nxe4 14. Qxe4
Nf6 15. Qe2 O-O 16. g4 Qd5 17. c4 Qe4 18. Qxe4 Nxe4 19. Be3 f5 20. Ne5 f4 21.
f3 fxe3 22. fxe4 Bg5 23. Kc2 Rf4 24. Kd3 Rf2 25. Rb1 Raf8 26. Rhd1 Rg2 27. a4
Rff2 28. b4 Ra2 29. Ra1 e2 30. Rg1 Rxg1 31. Rxg1 Rd2+ 32. Kc3 Rd1 0-1

[Event "Wch Juvenil 2010 sub12 Femenino"]
[Site "Porto Carras GRE"]
[Date "2010.10.23"]
[Round "4.1"]
[White "Osmak, Iulija"]
[Black "Paramzina, Anastasya"]
[Result "1/2-1/2"]
[WhiteElo "1979"]
[BlackElo "1830"]
[PlyCount "171"]
[EventDate "2010.10.20"]
[EventType "swiss"]
[EventRounds "11"]
[EventCountry "GRE"]
[Source "lmi"]
[SourceDate "2010.10.20"]

1. d4 Nf6 2. c4 e6 3. a3 d5 4. Nc3 Be7 5. Bg5 O-O 6. e3 Nbd7 7. Nf3 a6 8. cxd5
Nxd5 9. Bxe7 Qxe7 10. Bd3 Nxc3 11. bxc3 c5 12. O-O cxd4 13. cxd4 e5 14. Qc2 h6
15. d5 Nc5 16. Nxe5 Nxd3 17. Nxd3 Bf5 18. Qb3 Rad8 19. Nf4 Rfe8 20. Rfd1 Rd7
21. h3 Qe5 22. Rac1 Red8 23. Rd4 g5 24. Nh5 Bg6 25. f4 Qe7 26. Ng3 Rc7 27. Rxc7
Qxc7 28. f5 Qxg3 29. fxg6 fxg6 30. d6+ Kh8 31. d7 h5 32. Qe6 g4 33. Qe8+ Kh7
34. Qe7+ Kh6 35. hxg4 h4 36. Kf1 h3 37. gxh3 Qxh3+ 38. Kf2 Qh2+ 39. Kf3 Qh3+
40. Kf4 Qh2+ 41. Ke4 Qg2+ 42. Ke5 Qg3+ 43. Kf6 Qf2+ 44. Rf4 Qb2+ 45. Qe5 Qxe5+
46. Kxe5 Rxd7 47. Rd4 Re7+ 48. Kf4 Rf7+ 49. Kg3 Rc7 50. a4 Kg5 51. Rd5+ Kf6 52.
a5 Rc6 53. Kf4 b6 54. axb6 Rxb6 55. e4 Re6 56. g5+ Ke7 57. Ra5 Rb6 58. Ke3 Ke6
59. Kd4 Rb4+ 60. Kd3 Rb6 61. Kc4 Kd6 62. Rd5+ Ke6 63. Ra5 Kd6 64. Kd4 Rc6 65.
Rd5+ Ke6 66. Re5+ Kf7 67. Kd5 Rb6 68. Kd4 Rb4+ 69. Kc3 Rb7 70. Ra5 Rb6 71. Kd4
Ke7 72. Re5+ Kd7 73. Ra5 Kc7 74. Kc5 Rc6+ 75. Kd5 Kd7 76. e5 Rb6 77. Ra4 Ke7
78. Rc4 Kd7 79. Ra4 Ke7 80. Re4 Rb5+ 81. Kc6 Ke6 82. Rf4 Kxe5 83. Rf6 Rb1 84.
Rxg6 Kf5 85. Rg8 a5 86. Kd5 1/2-1/2

[Event "Wch Juvenil 2010 sub12 Femenino"]
[Site "Porto Carras GRE"]
[Date "2010.10.23"]
[Round "4.4"]
[White "Mahalakshmi, M."]
[Black "Malatsilava, Volha"]
[Result "1/2-1/2"]
[WhiteElo "1815"]
[BlackElo "1842"]
[PlyCount "42"]
[EventDate "2010.10.20"]
[EventType "swiss"]
[EventRounds "11"]
[EventCountry "GRE"]
[Source "lmi"]
[SourceDate "2010.10.20"]

1. d4 Nf6 2. c4 e5 3. dxe5 Ng4 4. Nf3 Nc6 5. Bf4 Bb4+ 6. Nc3 Qe7 7. e3 Ngxe5 8.
Nxe5 Nxe5 9. Bxe5 Qxe5 10. Rc1 O-O 11. Bd3 b6 12. O-O Bb7 13. Ne2 Bd6 14. Ng3
Qxb2 15. Nf5 Qe5 16. f4 Qc5 17. Qh5 g6 18. Qh6 gxf5 19. Qg5+ Kh8 20. Qf6+ Kg8
21. Qg5+ Kh8 1/2-1/2

[Event "Wch Juvenil 2010 sub12 Femenino"]
[Site "Porto Carras GRE"]
[Date "2010.10.23"]
[Round "4.5"]
[White "Ivana, Maria Furtado"]
[Black "Vu, Thi Dieu Ai"]
[Result "0-1"]
[WhiteElo "1924"]
[BlackElo "1801"]
[PlyCount "64"]
[EventDate "2010.10.20"]
[EventType "swiss"]
[EventRounds "11"]
[EventCountry "GRE"]
[Source "lmi"]
[SourceDate "2010.10.20"]

1. d4 d5 2. Nf3 Nf6 3. c4 c6 4. Nc3 a6 5. a4 Nbd7 6. e3 g6 7. Bd3 Bg7 8. O-O
O-O 9. cxd5 cxd5 10. Qb3 e6 11. Bd2 b6 12. Rfc1 Bb7 13. Na2 e5 14. Nxe5 Nxe5
15. dxe5 Ng4 16. Be2 Nxe5 17. f4 Nd7 18. Bb4 Re8 19. Bf3 Nf6 20. Rd1 Ne4 21.
Ba3 b5 22. axb5 Qb6 23. Rac1 axb5 24. Bxe4 Rxe4 25. Bc5 Qe6 26. Nb4 Rc4 27. Nd3
Qe4 28. Qxb5 Rxc1 29. Rxc1 d4 30. Ne1 Qxe3+ 31. Kh1 Qxc1 32. Qxb7 Qxe1# 0-1

[Event "Wch Juvenil 2010 sub12 Femenino"]
[Site "Porto Carras GRE"]
[Date "2010.10.23"]
[Round "4.6"]
[White "Dordzhieva, Dinara"]
[Black "Rosales, Pierina"]
[Result "1-0"]
[WhiteElo "1950"]
[BlackElo "1785"]
[PlyCount "72"]
[EventDate "2010.10.20"]
[EventType "swiss"]
[EventRounds "11"]
[EventCountry "GRE"]
[Source "lmi"]
[SourceDate "2010.10.20"]

1. e4 c5 2. Nf3 Nc6 3. d4 cxd4 4. Nxd4 g6 5. c4 Bg7 6. Be3 Nf6 7. Nc3 d6 8. Be2
O-O 9. O-O Bd7 10. Rc1 Nxd4 11. Bxd4 Bc6 12. Bd3 Qa5 13. Nd5 Bxd5 14. exd5 Nd7
15. Bxg7 Kxg7 16. Re1 Nc5 17. Rc3 Rfe8 18. Bf1 Qb6 19. Qd4+ Kg8 20. Rce3 Qc7
21. Qh4 e5 22. f4 f5 23. g4 fxg4 24. Qxg4 Nd7 25. f5 Nf6 26. Qg5 Qg7 27. Rg3
Nh5 28. Rg4 Nf6 29. Rg2 Kf7 30. Bd3 Rg8 31. fxg6+ hxg6 32. Rf1 Ke7 33. Rgf2
Raf8 34. c5 dxc5 35. Qxe5+ Kd7 36. Rxf6 Rxf6 1-0

[Event "Wch Juvenil 2010 sub12 Femenino"]
[Site "Porto Carras GRE"]
[Date "2010.10.23"]
[Round "4.7"]
[White "Sunyasakta, Satpathy"]
[Black "Castellet Menchon, Cora"]
[Result "1-0"]
[WhiteElo "1899"]
[BlackElo "1703"]
[PlyCount "67"]
[EventDate "2010.10.20"]
[EventType "swiss"]
[EventRounds "11"]
[EventCountry "GRE"]
[Source "lmi"]
[SourceDate "2010.10.20"]

1. e4 c5 2. d4 cxd4 3. c3 d3 4. Bxd3 Nc6 5. c4 g6 6. Nc3 Bg7 7. Nf3 d6 8. h3
Nf6 9. O-O O-O 10. Be3 Nd7 11. Rc1 Nc5 12. Bb1 Be6 13. Qe2 h6 14. Rfd1 Qa5 15.
Nd5 Rfe8 16. Bd2 Qd8 17. e5 Nxe5 18. Nxe5 Bxe5 19. Bxh6 Bg7 20. Bxg7 Kxg7 21.
b4 Bxd5 22. bxc5 Bc6 23. Qb2+ Kg8 24. Rd4 e5 25. Rd3 Re6 26. Qd2 Qh4 27. cxd6
Rd8 28. c5 g5 29. Rg3 f6 30. a3 Kg7 31. Ba2 Ree8 32. Bd5 Qa4 33. Rc4 Qb5 34.
Rxg5+ 1-0

[Event "Wch Juvenil 2010 sub12 Femenino"]
[Site "Porto Carras GRE"]
[Date "2010.10.23"]
[Round "4.8"]
[White "Vasova, Maria"]
[Black "Vasenina, Anna"]
[Result "1/2-1/2"]
[WhiteElo "1776"]
[BlackElo "1844"]
[PlyCount "82"]
[EventDate "2010.10.20"]
[EventType "swiss"]
[EventRounds "11"]
[EventCountry "GRE"]
[Source "lmi"]
[SourceDate "2010.10.20"]

1. e4 e5 2. Nf3 Nc6 3. Nc3 Nf6 4. Bb5 a6 5. Bxc6 dxc6 6. Nxe5 Nxe4 7. Nxe4 Qd4
8. O-O Qxe5 9. Re1 Be6 10. d4 Qf5 11. Ng5 O-O-O 12. Nxe6 fxe6 13. c3 e5 14. Be3
e4 15. Qe2 Bd6 16. c4 Rhf8 17. c5 Be7 18. b4 Bf6 19. Red1 Rd5 20. Rd2 Rfd8 21.
Rad1 g5 22. a4 g4 23. b5 axb5 24. axb5 Kd7 25. bxc6+ bxc6 26. Qa6 Rb8 27. g3
Rb5 28. Qa2 Qh5 29. Qc2 Qf5 30. Rb1 Rxb1+ 31. Qxb1 h5 32. Qf1 Qh7 33. h4 Qh8
34. Qc4 Bg7 35. Qb4 Qa8 36. Qb1 Qe8 37. Qc2 Qe6 38. Qb1 Qf5 39. Qc2 Bf6 40. Qd1
Qf3 41. Qf1 Bg7 1/2-1/2

[Event "Wch Juvenil 2010 sub12 Femenino"]
[Site "Porto Carras GRE"]
[Date "2010.10.23"]
[Round "4.9"]
[White "Rakic, Teodora"]
[Black "Peng, Jackie"]
[Result "1/2-1/2"]
[WhiteElo "1708"]
[BlackElo "1793"]
[PlyCount "104"]
[EventDate "2010.10.20"]
[EventType "swiss"]
[EventRounds "11"]
[EventCountry "GRE"]
[Source "lmi"]
[SourceDate "2010.10.20"]

1. d4 d6 2. c4 Nf6 3. Nc3 Nbd7 4. e4 e5 5. d5 g6 6. g3 Bg7 7. Bg2 O-O 8. Nge2
a5 9. O-O Nc5 10. f3 Nfd7 11. Be3 Kh8 12. a3 a4 13. Nc1 f5 14. Nd3 Nxd3 15.
Qxd3 f4 16. Bf2 Nc5 17. Qe2 Nb3 18. Rad1 Qg5 19. Na2 h5 20. Nc1 Nd4 21. Qd3 Bd7
22. Ne2 Nxe2+ 23. Qxe2 Rab8 24. Ba7 Ra8 25. Bf2 Rfb8 26. Qe1 b5 27. c5 dxc5 28.
Bxc5 Bf8 29. Rc1 Bd6 30. Qf2 Qe7 31. Rfd1 Rc8 32. Rc2 g5 33. Rdc1 fxg3 34. hxg3
Rf8 35. Rc3 g4 36. Bxd6 cxd6 37. Qe3 gxf3 38. Qh6+ Qh7 39. Qxh7+ Kxh7 40. Rxf3
Rxf3 41. Bxf3 Rc8 42. Rxc8 Bxc8 43. Bxh5 Bd7 44. Kf2 Kh6 45. Be2 Kg5 46. Ke3
Be8 47. Kf2 Bg6 48. Bf3 Kf6 49. Ke3 Kg5 50. Kf2 Kf6 51. Ke3 Kg5 52. Kf2 Kf6
1/2-1/2

[Event "Wch Juvenil 2010 sub12 Femenino"]
[Site "Porto Carras GRE"]
[Date "2010.10.23"]
[Round "4.10"]
[White "Goryachkina, Aleksandra"]
[Black "Wang, Xingliang Anna"]
[Result "1-0"]
[WhiteElo "2057"]
[BlackElo "1763"]
[PlyCount "173"]
[EventDate "2010.10.20"]
[EventType "swiss"]
[EventRounds "11"]
[EventCountry "GRE"]
[Source "lmi"]
[SourceDate "2010.10.20"]

1. d4 Nf6 2. c4 g6 3. Nc3 Bg7 4. Nf3 O-O 5. Bf4 d6 6. e3 Nfd7 7. Be2 e5 8. Bg3
Nc6 9. O-O h6 10. h3 a6 11. Rc1 f5 12. dxe5 dxe5 13. Qd2 g5 14. Rfd1 Kh8 15.
Ne1 f4 16. Bh2 Nf6 17. Qxd8 Rxd8 18. Rxd8+ Nxd8 19. Rd1 Bf5 20. h4 Ne6 21. hxg5
hxg5 22. Nd5 Rd8 23. Nxf6 Rxd1 24. Bxd1 Bxf6 25. Bc2 Bxc2 26. Nxc2 Kg7 27. Kf1
Kg6 28. Ke2 Kf5 29. b4 Bg7 30. f3 g4 31. e4+ Kg5 32. Bg1 g3 33. Kd3 Kf6 34. c5
c6 35. Kc4 Nc7 36. a4 Ke6 37. Na3 Kd7 38. Kd3 Ne8 39. Nc4 Kc7 40. Kc3 Bf6 41.
Nb6 Kd8 42. b5 axb5 43. axb5 cxb5 44. Kb4 Nc7 45. Nd5 Bh8 46. Ka5 Bg7 47. Nb4
Bf8 48. Nd3 Bg7 49. Kb6 Kc8 50. c6 bxc6 51. Kxc6 Ne8 52. Bb6 b4 53. Nxb4 Nf6
54. Nd3 Nd7 55. Ba5 Bh8 56. Bc3 Kd8 57. Kd6 Bg7 58. Bxe5 Nxe5 59. Nxe5 Bf8+ 60.
Ke6 Ke8 61. Ng6 Bc5 62. Nxf4 Ba7 63. Nh5 Bb8 64. e5 Bc7 65. Nxg3 Bb8 66. f4 Ba7
67. f5 Bf2 68. Ne4 Bb6 69. f6 Kf8 70. Kd7 Bd4 71. e6 Bxf6 72. Nxf6 Kg7 73. e7
Kxf6 74. e8=Q Kf5 75. Qf8+ Ke4 76. Ke6 Kd4 77. g4 Ke4 78. g5 Kd4 79. g6 Ke4 80.
g7 Kd4 81. g8=R Ke4 82. Qf5+ Kd4 83. Rg4+ Ke3 84. Qe4+ Kd2 85. Qf3 Kc2 86. Rg2+
Kc1 87. Qf1# 1-0

[Event "Wch Juvenil 2010 sub12 Femenino"]
[Site "Porto Carras GRE"]
[Date "2010.10.24"]
[Round "5.1"]
[White "Vu, Thi Dieu Ai"]
[Black "Hojjatova, Aydan Hikmat"]
[Result "1-0"]
[WhiteElo "1801"]
[BlackElo "1818"]
[PlyCount "97"]
[EventDate "2010.10.20"]
[EventType "swiss"]
[EventRounds "11"]
[EventCountry "GRE"]
[Source "lmi"]
[SourceDate "2010.10.20"]

1. d4 Nf6 2. c4 g6 3. Nc3 Bg7 4. Nf3 d6 5. e3 O-O 6. Be2 Nbd7 7. O-O Re8 8. b3
e5 9. Bb2 exd4 10. exd4 Nf8 11. Re1 Ne6 12. Bf1 b6 13. g3 Bb7 14. Bg2 Rc8 15.
d5 Nc5 16. Qc2 a5 17. Rad1 Qd7 18. a3 Ra8 19. b4 axb4 20. axb4 Na4 21. Nxa4
Qxa4 22. Qxa4 Rxa4 23. Bxf6 Rxe1+ 24. Rxe1 Bxf6 25. Re8+ Kg7 26. Rb8 Ba8 27. b5
Ra5 28. Bh3 Bxd5 29. cxd5 Rxb5 30. Rc8 Rc5 31. Bd7 b5 32. Bc6 b4 33. Nd2 Rc1+
34. Kg2 Rc2 35. Nb3 Rb2 36. Ba4 Ra2 37. Bb5 Rc2 38. Kf1 Rc3 39. Ba4 Rc2 40. h4
Ra2 41. Bb5 Rb2 42. Bc4 Rc2 43. Rxc7 Rc3 44. Rc6 Be5 45. Ke1 Bf6 46. Nd2 Rc1+
47. Ke2 Rc2 48. Bb3 Rb2 49. Rc2 1-0

[Event "Wch Juvenil 2010 sub12 Femenino"]
[Site "Porto Carras GRE"]
[Date "2010.10.24"]
[Round "5.3"]
[White "Malatsilava, Volha"]
[Black "Dordzhieva, Dinara"]
[Result "1-0"]
[WhiteElo "1842"]
[BlackElo "1950"]
[PlyCount "79"]
[EventDate "2010.10.20"]
[EventType "swiss"]
[EventRounds "11"]
[EventCountry "GRE"]
[Source "lmi"]
[SourceDate "2010.10.20"]

1. e4 c5 2. d4 cxd4 3. c3 Nf6 4. e5 Nd5 5. Nf3 Nc6 6. cxd4 d6 7. Bc4 Nb6 8. Bb5
a6 9. Bxc6+ bxc6 10. Nc3 Bf5 11. O-O e6 12. Bf4 d5 13. Na4 Be7 14. Rc1 Rc8 15.
Nc5 g5 16. Be3 h5 17. Nd2 g4 18. Qb3 Ra8 19. Nb7 Qc7 20. Nd6+ Kd7 21. Nxf5 exf5
22. Bf4 Ke6 23. Rc3 Nd7 24. Qc2 Rac8 25. Rc1 Nb8 26. Nb3 Qb6 27. Nc5+ Bxc5 28.
Rxc5 Rhd8 29. Qd2 Rd7 30. Bg3 Rg8 31. R1c3 Rc7 32. Qh6+ Rg6 33. Qf8 f4 34. Bxf4
Qxb2 35. Qd6+ Kf5 36. Qxc7 Kxf4 37. Qxf7+ Kg5 38. Qe7+ Kf4 39. g3+ Ke4 40. Qh7
1-0